000 00369nam a2200145Ia 4500
008 230312s9999||||xx |||||||||||||| ||und||
020 _a1-118-40007-4
082 _a004.678
_bCON-H
100 _aHuang
245 3 _aAn Introduction Software and Hardware Interfacing
260 _bWiley
_aMalaysia
_c2013
300 _a498
650 _aComputer
_vComputer
942 _cBK
999 _c15209
_d15209